Expedición geográfico militar al interior y costas de Marruecos (Record no. 43628)

MARC details
000 -LEADER
campo de control de longitud fija 00714nam a2200193 i 4500
001 - NÚMERO DE CONTROL
campo de control 43628
003 - IDENTIFICADOR DE NÚMERO DE CONTROL
campo de control ES-MaACL
005 - FECHA Y HORA DE LA ÚLTIMA TRANSACCIÓN
campo de control 20230906160839.0
007 - CAMPO FIJO DE DESCRIPCIÓN FÍSICA--INFORMACIÓN GENERAL
campo de control de longitud fija t|
008 - DATOS DE LONGITUD FIJA--INFORMACIÓN GENERAL
campo de control de longitud fija 030318s1885 sp ||||1| spa d
080 ## - NÚMERO DE LA CLASIFICACIÓN DECIMAL UNIVERSAL
Número de la Clasificación Decimal Universal 913(64)
100 1# - ENTRADA PRINCIPAL--NOMBRE DE PERSONA
Nombre de persona Cervera Baviera, Julio.
9 (RLIN) 37637
245 10 - MENCIÓN DEL TÍTULO
Título Expedición geográfico militar al interior y costas de Marruecos
Resto del título : setiembre, octubre, noviembre y diciembre de 1884 /
Mención de responsabilidad, etc. por Julio Cervera Baviera.
260 ## - PUBLICACIÓN, DISTRIBUCIÓN, ETC.
Lugar de publicación, distribución, etc. Barcelona :
Nombre del editor, distribuidor, etc. [s.n.],
Fecha de publicación, distribución, etc. 1885 (
Fabricante Est. tip. de Fidel Giró)
300 ## - DESCRIPCIÓN FÍSICA
Extensión 181 p. :
Otras características físicas il. ;
Dimensiones 27 cm.
594 ## - Nota al título y mención de responsabilidad
Nota al título y mención de responsabilidad Precede al tít.: Publicaciones de la "Revista Científico-Militar"
651 #4 - PUNTO DE ACCESO ADICIONAL DE MATERIA--NOMBRE GEOGRÁFICO
Nombre geográfico Marruecos-
Subdivisión general Descripción.
9 (RLIN) 9025
852 ## - LOCALIZACIÓN
Ubicación ES-MaACL
Número de control de estantería T-827-F-6
Holdings
Estatus retirado Estado de pérdida Estado de daño No para préstamo Colección Biblioteca de origen Biblioteca actual Ubicación en estantería Fecha de adquisición Fuente de adquisición Total de préstamos Signatura topográfica completa Código de barras Visto por última vez Precio de reemplazo Tipo de ítem Koha
        Colección de folletos Biblioteca del Ateneo de Madrid Biblioteca del Ateneo de Madrid Depósito folletos 17/01/2008     T-827-F-6 1045926 23/02/2023 23/02/2023 Folleto